¿Qué es una Constitución? /

Збережено в:
Бібліографічні деталі
Автор: Lassalle, Ferdinand (autor)
Формат: Книга
Мова:Іспанська
Предмети:
Теги: Додати тег
Немає тегів, Будьте першим, хто поставить тег для цього запису!

MARC

LEADER 00000nam^a2200000^a^4500
001 000075061
005 20250521000000.0
009 20260310091726.173
020 |a 84-334-1330-1 
037 |a Acervo ITESO - Biblioteca 
041 |a ESP 
082 |a 342. 029  |b LAS 
100 |a Lassalle, Ferdinand  |e (autor) 
245 1 0 |a ¿Qué es una Constitución? /  |c F. Lassalle ; tr. por Wenceslao Roces. 
264 |a Barcelona, España :  |b Júcar,  |c 1978 
300 |a 97 p. 
336 |a texto  |b txt  |2 rdacontenido 
337 |a sin mediación  |b n  |2 rdamedio 
338 |a volumen  |b nc  |2 rdasoporte 
500 |a Traducción de: Was is Eine Konstitution? 
649 |a XX 
650 |a Derecho Constitucional 
650 |a Derecho Constitucional -  |x Teoría 
910 |a Fondo Armando Suárez Gómez 
920 |a Impresos - Libros 
930 |a Fondos Especiales 
905 |a 111 
901 |a 0700006242  |b IT2  |c ESP  |u 20250521 
902 |a https://opac.biblio.iteso.mx/vufind/Record/000075061